| 000 | 00732cam a2200193 a 4500 | ||
|---|---|---|---|
| 020 | _a0870311670 | ||
| 082 | 0 | 0 |
_a624.1834 _bCON _cN-01, P-108 |
| 245 | 0 | 4 | _aThe contractor's guide to quality concrete construction. |
| 250 | _a3rd ed. | ||
| 260 |
_aSt. Louis, MO : _bAmerican Society of Concrete Contractors ; _aFarmington Hills, MI : _bAmerican Concrete Institute, _cc2005. |
||
| 300 |
_a147 p. : _bill. ; _c28 cm. |
||
| 526 |
_a0 _b0 _c0 _d624_183400000000000_CON |
||
| 526 |
_a0 _b0 _c0 _d624_183400000000000_CON |
||
| 650 | 0 |
_aConcrete construction _xQuality control. _943107 |
|
| 650 | 0 |
_aNUST _96342 |
|
| 710 | 2 |
_aAmerican Concrete Institute. _937057 |
|
| 710 | 2 |
_aAmerican Society of Concrete Contractors. _943108 |
|
| 942 |
_2ddc _cBK |
||
| 999 |
_c546905 _d546905 |
||